004820000a220009700045001000021000002450035000213000056000565000032001125200195001447730045003391 aPalacio, Roberto10a"La vida humana no es sagrada" aVol.0, núm.24 (Septiembre, 2007), Páginas 40-41 aEntrevista con Peter Singer aEs el filósofo más controvertido de la actualidad. Nació en Australia, es profesor de Princeton y sus posiciones políticamente incorrectas lo han convertido en una figura pública.0 tArcadia / Andrés Felipe Solano, Editor